L'intelligence des animaux / (Record no. 163911)

MARC details
000 -LEADER
campo de control de longitud fija 01044nam a2200253 i 4500
001 - NÚMERO DE CONTROL
campo de control 163911
003 - IDENTIFICADOR DE NÚMERO DE CONTROL
campo de control ES-MaACL
005 - FECHA Y HORA DE LA ÚLTIMA TRANSACCIÓN
campo de control 20230906212833.0
008 - DATOS DE LONGITUD FIJA--INFORMACIÓN GENERAL
campo de control de longitud fija 931025s1887 fr |||| | fre d
080 ## - NÚMERO DE LA CLASIFICACIÓN DECIMAL UNIVERSAL
Número de la Clasificación Decimal Universal 591.5
100 1# - ENTRADA PRINCIPAL--NOMBRE DE PERSONA
Nombre de persona Romanes, George John.
9 (RLIN) 132022
245 12 - MENCIÓN DEL TÍTULO
Título L'intelligence des animaux /
Mención de responsabilidad, etc. par G.-J. Romanes ; précédée d'une préface sur l'évolution mentale par Edm. Perrier.
260 ## - PUBLICACIÓN, DISTRIBUCIÓN, ETC.
Lugar de publicación, distribución, etc. Paris :
Nombre del editor, distribuidor, etc. Ancienne Librairie Germer Baillière :
-- Félix Alcan,
Fecha de publicación, distribución, etc. 1887 (
Lugar de fabricación/manufactura Versailles :
Fabricante Impr. Cerf. et fils)
300 ## - DESCRIPCIÓN FÍSICA
Extensión 2 v. ;
Dimensiones 22 cm.
490 1# - MENCIÓN DE SERIE
Mención de serie Bibliothèque scientifique internationale ;
Designación de volumen o secuencia 59
505 8# - NOTA DE CONTENIDO CON FORMATO
Nota de contenido con formato Contiene: T. 1. Les animaux inférieurs. t. 2. Les vertébrés
650 04 - PUNTO DE ACCESO ADICIONAL DE MATERIA--TÉRMINO DE MATERIA
Término de materia o nombre geográfico como elemento de entrada Animales-
Subdivisión general Conducta.
9 (RLIN) 9833
650 #4 - PUNTO DE ACCESO ADICIONAL DE MATERIA--TÉRMINO DE MATERIA
Término de materia o nombre geográfico como elemento de entrada Animales-
Subdivisión general Inteligencia.
9 (RLIN) 147546
700 1# - ENTRADA AGREGADA--NOMBRE PERSONAL
Nombre de persona Perrier, Edmond.
9 (RLIN) 91351
830 0# - PUNTO DE ACCESO ADICIONAL DE SERIE-TÍTULO UNIFORME
Título uniforme Bibliothèque scientifique internationale ;
Designación de volumen o secuencia 59
9 (RLIN) 186949
852 ## - LOCALIZACIÓN
Ubicación ES-MaACL
Número de control de estantería F-14388
Nota libre -- Enc. ed. en tela
condición física -- Contiene únicamente Parte segunda
Holdings
Estatus retirado Estado de pérdida Estado de daño No para préstamo Colección Biblioteca de origen Biblioteca actual Ubicación en estantería Fecha de adquisición Fuente de adquisición Total de préstamos Signatura topográfica completa Código de barras Visto por última vez Precio de reemplazo Tipo de ítem Koha
        Libros del s. XIX Biblioteca del Ateneo de Madrid Biblioteca del Ateneo de Madrid Sala Pecera Planta 2 17/01/2008     F-14388 1171783 23/02/2023 23/02/2023 Libro impreso antiguo